Southville International School and Colleges
Your cart is empty.
  • Cart
  • Lists
    Public lists Eva Luna New books Lux_list list_1
    Your lists Log in to create your own lists
  • Log in to your account
  • Your cookies
  • Search history
Southville International School and Colleges
  • Advanced search
  • Recent comments
  • Most popular
  • Libraries

Log in to your account

Log in with GOOGLE


If you do not have an external account, but do have a local account, you can still log in:

  1. Home
  2. MARC view: Chemistry for the IB diploma :
Normal view MARC view ISBD view

Chemistry for the IB diploma : (Record no. 116676)

[ view plain ]
MARC details
000 -LEADER
fixed length control field 00665nam a2200217Ia 4500
003 - CONTROL NUMBER IDENTIFIER
control field PILC
005 - DATE AND TIME OF LATEST TRANSACTION
control field 20160107112737.0
008 - FIXED-LENGTH DATA ELEMENTS--GENERAL INFORMATION
fixed length control field 140512s9999 xx 000 0 und d
020 ## - INTERNATIONAL STANDARD BOOK NUMBER
International Standard Book Number 9780199151424
050 ## - LIBRARY OF CONGRESS CALL NUMBER
Classification number QD 40
Item number .N48 2007
100 ## - MAIN ENTRY--PERSONAL NAME
Personal name Neuss, Geoffrey
245 ## - TITLE STATEMENT
Title Chemistry for the IB diploma :
Remainder of title standard and higher level
Statement of responsibility, etc Geoffrey Neuss
260 ## - PUBLICATION, DISTRIBUTION, ETC. (IMPRINT)
Place of publication, distribution, etc New York :
Name of publisher, distributor, etc Oxford University Press,
Date of publication, distribution, etc c2007.
300 ## - PHYSICAL DESCRIPTION
Extent 186 p. :
Other physical details ill. ;
Dimensions 28 cm.
440 ## - SERIES STATEMENT/ADDED ENTRY--TITLE
Title IB study guides
500 ## - GENERAL NOTE
General note Includes index.
650 ## - SUBJECT ADDED ENTRY--TOPICAL TERM
Topical term or geographic name as entry element Chemistry
General subdivision Examination -- Study guides
650 ## - SUBJECT ADDED ENTRY--TOPICAL TERM
Topical term or geographic name as entry element Chemistry
General subdivision Study and teaching (higher)
942 ## - ADDED ENTRY ELEMENTS (KOHA)
Koha item type Books
Source of classification or shelving scheme Library of Congress Classification
Holdings
Withdrawn status Lost status Source of classification or shelving scheme Damaged status Home library Current library Shelving location Date acquired Total Checkouts Total Renewals Full call number Barcode Date last seen Date checked out Price effective from Koha item type
    Library of Congress Classification   Luxembourg Library Luxembourg Library International Baccalaureate Section 05/13/2014 9 53 QD 40 .N48 2007 IB0148 06/15/2023 12/13/2022 05/13/2014 Books

Chemistry for the IB diploma :

APA

Neuss G., . (2007). Chemistry for the IB diploma. New York: Oxford University Press.

Chicago

Neuss Geoffrey, . 2007. Chemistry for the IB diploma. New York: Oxford University Press.

Harvard

Neuss G., . (2007). Chemistry for the IB diploma. New York: Oxford University Press.

MLA

Neuss Geoffrey, . Chemistry for the IB diploma. New York: Oxford University Press. 2007.

  • Place hold
  • Print
  • Cite
  • Add to your cart (remove)
  • Save record
    BIBTEX Dublin Core MARCXML MARC (non-Unicode/MARC-8) MARC (Unicode/UTF-8) MARC (Unicode/UTF-8, Standard) MODS (XML) RIS
  • More searches
    Search for this title in:
    Other Libraries (WorldCat) Other Databases (Google Scholar) Online Stores (Bookfinder.com) Open Library (openlibrary.org)

Exporting to Dublin Core...

SOUTHVILLE LIBRARY

Southville International School and Colleges Library

1281 Tropical Ave. Cor. Luxembourg St., BF Homes International, Las Pinas City

Tel. No. 8256374 / 252358 Loc. 117/146

Powered by Koha